1293 1038 1056 1822 1706 1340 1762 1709 1962 1962 1153 1768 1927 1022 1219 1486 1303 1081 1102 1421 1437 1746 1215 1492 1623 1980 1775 1451 1837 1418 1299 1569 1429 1962 1553 1340 1144 1189 1540 1536 1134 1938 1261 1610 1863 1154 1933 1764 1374 1893 1108 1918 1318 1613 1788 1019 1663 1831 1346 1022 1469 1371 1902 1763 1861 1202 1889 1222 1226 1064 1983 1936 1040 1570 1207 1597 1771 1077 1102 1948 1496 1933 1269 1591 1990 1509 1739 1618 1211 1166 1781 1094 1731 1223 1012 1798 1319 1893 1886 BCNSPRNW ULIB Ver.6.0+V

เปลี่ยนเป็นภาษาไทย

Change to English
 แสดงรายละเอียดบรรณานุกรม
  กลับหน้าหลัก

Brief Record : Get Marc (ISO 2709) : E-mail record : QR code < ปิดหน้าต่าง
LEADER : 00000nam 2200000uu 4500
001    13399114106
003     ULIB
008    110320s||||||||th 000 0 tha d
099    วจ.WA240^bท192พ
100 0  ทวี เรืองโฉม
245 00 พิษที่ลดลงของยาฆ่าแมลงกลุ่มออร์กาโนฟอสเฟต และคาร์บาเมตโดยสมุนไพรไทยบางชนิด/^cทวี เรืองโฉม
260    เชียงใหม่ :^bวิทยาลัยพยาบาลบรมราชชนนี เชียงใหม่,^c2553
300    68 หน้า :^bตาราง
500    รายงานการวิจัย
650  7 สารกำจัดศัตรูพืช^xวิจัย
650  7 ยาฆ่าแมลงกลุ่มออร์กาโนฟอสเฟตและคาร์บาเมต^xวิจัย
650  7 สารพิษ^xวิจัย
710 2  วิทยาลัยพยาบาลบรมราชชนนี. ^bเชียงใหม่
945    ^p0^l0^i030994
995    ทศพร
999 ^a ใช้งานได้ทุกระบบ
รายการนี้ยังไม่มีแท็ก
คุณยังไม่ได้ล็อกอิน คุณสามารถมีกิจกรรมร่วมกับเว็บไซต์ได้ แต่ต้องล็อกอินก่อน ::
  ล็อกอิน

รายการสื่อสารสนเทศ

ลำดับที่ ประเภท เลขเรียก/บาร์โค้ด สถานที่ สถานะ
1. งานวิจัย
งานวิจัย
วจ.WA240 ท192พ ฉ.1 
  Barcode: 030994
ห้องสมุดวิทยาเขตสวรรค์ประชารักษ์
►วิจัย
บนชั้น

รายการใกล้เคียง
    ผู้แต่ง [ทวี เรืองโฉม]

BibComment


ยังไม่เคยถูกคอมเมนท์

คอมเมนท์ทรัพยากรรายการนี้
  คอมเมนท์: พิษที่ลดลงของยาฆ่..


 Copyright 2026. Bcnsprnw @Library